Les robots : Enjeux économiques et sociaux
Tallennettuna:
| Päätekijä: | |
|---|---|
| Aineistotyyppi: | Kirja |
| Kieli: | Undetermined |
| Julkaistu: |
Paris
La Documentation francaise
1981
|
| Aiheet: | |
| Tagit: |
Lisää tagi
Ei tageja, Lisää ensimmäinen tagi!
|
| Thư viện lưu trữ: | Trung tâm Học liệu Trường Đại học Cần Thơ |
|---|
| LEADER | 00557nam a2200205Ia 4500 | ||
|---|---|---|---|
| 001 | CTU_95398 | ||
| 008 | 210402s9999 xx 000 0 und d | ||
| 082 | |a 338.4 | ||
| 082 | |b Q3 | ||
| 100 | |a Quement, Joel Le | ||
| 245 | 0 | |a Les robots : | |
| 245 | 0 | |b Enjeux économiques et sociaux | |
| 245 | 0 | |c Joel Le Quement | |
| 260 | |a Paris | ||
| 260 | |b La Documentation francaise | ||
| 260 | |c 1981 | ||
| 650 | |a Robotics,Robotics | ||
| 650 | |x Economic aspects,Social aspects | ||
| 904 | |i Giang | ||
| 980 | |a Trung tâm Học liệu Trường Đại học Cần Thơ | ||